00577nam a2200157Ia 4500008004100000041001200041082001600053100001600069245006400085260004900149300000800198650001900206942000700225999001500232952017200247221030s9999 xx 000 0 und d aEnglish a105.23bSin aY. N. Singh 0aMathematical Foundation of Computer sciencecby Y. N. Singh bNew Age International Pub.aNew Delhic2005 a376 aBE Mathematics cBK c4739d4739 pBE 7784g195.00l0o105.23 Sinr2024-06-13 00:00:00w2022-10-30yBK003Print4070aMIETLIBbMIETLIBcBL-Academic Block - A, FL-1, CUP-3, SH-2, R-2d2005-10-2410HBE